Avatar A-Z - Statistics

General Stats
  • This quiz has been taken 69 times
  • The average score is 19 of 26
Answer Stats
Hint Answer % Correct
Walled city featured prominently throughout the series Ba Sing Se
100%
Yields of this vegetable were often ruined by Team Avatar's shenanigans Cabbage
100%
Duel between two firebenders Agni Kai
98%
Aang's favorite monk Gyatso
93%
The Dragon of the West Iroh
91%
Previous Avatar known for her tall stature and for using fans as weapons Kyoshi
91%
Team Avatar's winged lemur companion Momo
91%
Second-largest Earth Kingdom city Omashu
91%
Elite agents that utilized rock gloves and worked for the government of answer B Dai Li
89%
Freedom Fighter who used hook swords Jet
89%
Avatar directly preceding Aang Roku
89%
The first metalbender Toph
89%
Popular Fire Nation vacation destination Ember Island
88%
Northern Water Tribe princess who fell in love with Sokka Yue
84%
Rare bending ability used by Bolin Lavabending
82%
Androgynous Freedom Fighter who was especially close with Longshot Smellerbee
79%
Board game that features the revered lotus tile Pai Sho
77%
Spirit who guarded a vast library Wan Shi Tong
70%
Korra's polar bear dog Naga
59%
Among other nefarious deeds, he nearly kidnapped a young Korra with the help of the Red Lotus Unalaq
54%
Event in which the North and South Spirit Portals merge Harmonic Convergence
48%
Eccentric businessman who invented "movers" Varrick
45%
Company founded by Hiroshi Sato Future Industries
30%
Incredibly secure city governed by Suyin Beifong Zaofu
30%
Spirit World location where Zaheer could often be found Xai Bau's Grove
2%
Village where Jianzhu met his demise Qinchao
0%
No matching quizzes found
Score Distribution
Percent of People with Each Score
Percentile by Number Answered
Your Score History
You have not taken this quiz